Science Quiz

Random Science or Numbers Quiz

Number Crossword Quiz Stats

 Plays Quiz Updated Aug 5, 2016

Challenge
Share
Tweet
Score 0/52 Timer 07:00
4 Plays Today
% Correct
94.6%
93.7%
93.3%
92.9%
91.8%
90.7%
87.8%
87.8%
86%
85.6%
84.5%
84.5%
81.2%
80.8%
80.7%
79.7%
79.6%
79.3%
77.7%
77%
76.3%
74.5%
73.8%
71.2%
71%
70.6%
% Correct
70.6%
70.4%
69%
68.9%
68.8%
67.6%
67.2%
64.5%
63.1%
62.4%
61.9%
61.8%
59.8%
59.4%
59.3%
58.5%
58%
55.4%
55.1%
48.9%
44.6%
41.9%
41.8%
41%
37%
36.4%

You're not logged in!

Compare scores with friends on all Sporcle quizzes.
OR
Log In

You Might Also Like...

Show Comments

Extras

Top Quizzes Today


Score Distribution

Your Account Isn't Verified!

In order to create a playlist on Sporcle, you need to verify the email address you used during registration. Go to your Sporcle Settings to finish the process.

Report this User

Report this user for behavior that violates our Community Guidelines.

Details: